| 000 | 03660nam a22002777a 4500 | ||
|---|---|---|---|
| 003 | NALT | ||
| 005 | 20230928163926.0 | ||
| 008 | 230511b th ||||| |||| 00| 0 tha d | ||
| 020 | _a9786169270249 | ||
| 040 | _aNALT | ||
| 041 | 0 | _athaeng | |
| 086 | _aกกพ 01 1.1 2563 | ||
| 110 | 2 |
_92013 _aสำนักงานคณะกรรมการกำกับกิจการพลังงาน. |
|
| 245 | 1 | 0 |
_aรายงานประจำปีงบประมาณ พ.ศ. 2563 คณะกรรมการกำกับกิจการพลังงาน และสำนักงานคณะกรรมการกำกับกิจการพลังงาน = _b Annual report 2020 Energy Regulatory Commission and Office of the Energy Regulatory Commission / _cสำนักงานคณะกรรมการกำกับกิจการพลังงาน. |
| 250 | _aพิมพ์ครั้งที่ 1. | ||
| 260 |
_aกรุงเทพฯ : _bสำนักงานคณะกรรมการกำกับกิจการพลังงาน, _c2564. |
||
| 300 |
_a1 เล่ม : _bภาพประกอบ, ตาราง, แผนภูมิ ; _c30 ซม. |
||
| 505 | 0 | _aสารประธานกรรมกำกับกิจการพลังงาน -- สารเลขาธิการสำนักงานคณะกรรมการกำกับกิจการพลังงาน -- ข้อมูลทั่วไป -- สถานการณ์การผลิตและจำหน่ายไฟฟ้าและก๊าซธรรมชาติของผู้ได้รับใบอนุญาตในปี พ.ศ. 2563 -- ผลการดำเนินงานการกำกับการประกอบกิจการพลังงานประจำปีงบประมำณ พ.ศ. 2563 -- ผลการดำเนินงานกองทุนพัฒนาไฟฟ้า ประจำปีงบประมำณ พ.ศ. 2563 -- งบการเงินของสำนักงานคณะกรรมการกำกับกิจการพลังงาน และกองทุนพัฒนาไฟฟ้าสำหรับปีสิ้นสุด วันที่ 30 กันยายน 2563 -- ประมวลภาพกิจกรรมสำคัญและกิจกรรมเพื่อสังคม และสาธารณประโยชน์ของ กกพ. และสำนักงาน กกพ. -- แผนการดำเนินงานสำนักงานคณะกรรมการกำกับกิจการพลังงานประจำปีงบประมาณ พ.ศ. 2564 -- แผนการดำเนินงานกองทุนพัฒนาไฟฟ้าประจำปีงบประมาณ พ.ศ. 2564 -- คำอธิบายอักษรย่อ. | |
| 610 | 2 | 4 |
_961534 _aคณะกรรมการกำกับกิจการพลังงาน _xรายงานประจำปี _y2563 |
| 610 | 2 | 4 |
_961535 _aสำนักงานคณะกรรมการกำกับกิจการพลังงาน _xรายงานประจำปี _y2563 |
| 850 | _aNALT | ||
| 942 |
_cGOV _2local |
||
| 996 |
_achunbijaya.r _bCATSTF _c2023-05-11 |
||
| 996 |
_ajamriang.p _bCATSTF _c2023-09-07 |
||
| 999 |
_c102117 _d102117 |
||
| 998 |
_j1020 _k นางจำเรียง ระวังสำโรง |
||